La Loca de Gandoca (Registro nro. 10058)

Detalles MARC
000 -Cabecera
Campo de control de longitud fija 00657nam a22002657a 4500
005 - Fecha y hora de la última transacción
Campo de control 20251112152944.0
008 - Elementos de longitud fija--Información general
Campo de control de longitud fija 171207b1999 xxu||||| |||| 00| 0 spa d
020 ## - International Standard Book Number
Número Internacional Estándar del Libro (ISBN) 9977304793
041 ## - Idioma
Código de idioma Español
082 ## - Clasificación Decimal Dewey
Número de clasificación CR 863.4 R831L11
100 ## - Entrada principal--Autor personal
Nombre personal Rossi Lara, Anacristina
9 (RLIN) 425
245 ## - Título propiamente dicho
Título La Loca de Gandoca
250 ## - Edición
Mención de edición 11 edición
260 ## - Pie de imprenta
Lugar de publicación, distribución, etc. Costa Rica
260 ## - Pie de imprenta
Nombre del editor, distribuidor, etc. EDUCA
260 ## - Pie de imprenta
Fecha de publicación, distribución, etc. 1999
300 ## - Descripción física
Extensión 140 páginas
490 ## - Serie
Título de la Serie Temática General
650 ## - Materia general
Temática (materia general) LITERATURA COSTARRICENSE
650 ## - Materia general
Temática (materia general) NOVELA COSTARRICENSE
650 ## - Materia general
Temática (materia general) REFUGIO SILVESTRE
650 ## - Materia general
Temática (materia general) CARIBE
650 ## - Materia general
Temática (materia general) CAPITALISMO TURÍSTICO
942 ## - Punto de acceso adicional KOHA
Tipo de ítem KOHA Literatura
Fuente del sistema de clasificación o colocación Dewey Decimal Classification
Existencias
Signatura completa Código de barras Programa Académico Tipo de ítem
CR 863.4 R831L11 6285 Temática General Literatura
CR 863.4 R831L10 6286 Temática General Literatura
CR 863.4 R831L11 6288 Temática General Literatura
CR 863.4 R831L10 6289 Temática General Literatura